000 00228 a2200097 4500
001 60004
100 _a
245 _aTareek-e-Madina Munawra (Urdu)
260 _aLahor
_bMaktaba-e-Rehmania
_c2007
090 _c36832
_d36832
942 _aNUST-CAE
_cMONOGRAPH
_c29816
999 _c295077
_d295077